Engineering mathematics-1 / (Record no. 158671)

MARC details
000 -LEADER
fixed length control field 00770nam a22002297a 4500
005 - DATE AND TIME OF LATEST TRANSACTION
control field 20181110161736.0
010 ## - LCCN (DPL NO)
LC control number ENG-124474
020 ## - INTERNATIONAL STANDARD BOOK NUMBER
International Standard Book Number 9789353062958
Terms of availability 499.00
035 ## - SYSTEM CONTROL NUMBER
System control number EN-108006
037 ## - SOURCE OF ACQUISITION
Source of stock number/acquisition DBAD/PUB
082 ## - DEWEY DECIMAL CLASSIFICATION NUMBER
Classification number 620.00151
100 ## - MAIN ENTRY--PERSONAL NAME
Personal name Subramaniam N
245 ## - TITLE STATEMENT
Title Engineering mathematics-1 /
Statement of responsibility, etc by N Subramaniam [and] K.S. Ramaswami; ed. by D Charles Fenny [and] M. Balakrishnan
260 ## - PUBLICATION, DISTRIBUTION, ETC. (IMPRINT)
Place of publication, distribution, etc New Delhi
Name of publisher, distributor, etc Pearson
Date of publication, distribution, etc 2018
270 ## - ADDRESS
Address 14 Local Shopping Centre, Panchsheel Park
City New Delhi
Postal code 110017
300 ## - PHYSICAL DESCRIPTION
Extent xii,various paging.
Dimensions 24cm. (pbk)
500 ## - GENERAL NOTE
General note It includes short questions and answers
700 ## - ADDED ENTRY--PERSONAL NAME
Personal name Ramaswami, K.S.
700 ## - ADDED ENTRY--PERSONAL NAME
Personal name Fenny, D Charles
700 ## - ADDED ENTRY--PERSONAL NAME
Personal name Balakrishnan, M.
942 ## - ADDED ENTRY ELEMENTS (KOHA)
Source of classification or shelving scheme Dewey Decimal Classification
Item type English Books
Classification part 620.00151
Call number suffix SUB
Holdings
Withdrawn status Lost status Not for loan Collection code Home library Current library Date acquired Source of acquisition Cost, normal purchase price Full call number Barcode Copy number Cost, replacement price Koha item type
    Not For Loan Non-fiction D.B.Act.Division Bawana 12/11/2018 DBAD/PUB 499.00 620.00151 SUB EN-108006 1 499.00 English Books

© Delhi Public Library
Hit Counter
free hit counter